مكتبة جامعة عجلون الوطنية

فهرس بحث المكتبة

Normal view MARC view
  • الندوي، علي أحمد ؛ تقديم مصطفى الزرقا

Entry Personal Name

Number of records used in: 1

001 - CONTROL NUMBER

  • control field: 30540

003 - CONTROL NUMBER IDENTIFIER

  • control field: JO-AjAnu

005 - DATE AND TIME OF LATEST TRANSACTION

  • control field: 20230606075142.0

008 - FIXED-LENGTH DATA ELEMENTS

  • fixed length control field: 230606|| aca||aabn | a|a d

040 ## - CATALOGING SOURCE

  • Original cataloging agency: JO-AjAnu
  • Transcribing agency: JO-AjAnu

100 ## - HEADING--PERSONAL NAME

  • Personal name: الندوي، علي أحمد ؛ تقديم مصطفى الزرقا

670 ## - SOURCE DATA FOUND

  • Source citation: Work cat.: (JO-AjAnu)15687: الندوي، علي أحمد ؛ تقديم مصطفى الزرقا, author, القواعد الفقهية: مفهومها، نشأتها، تطورها، دراسة مؤلفاتها، أدلتها، مهمتها، تطبيقاتها